Welcome to the Holygrace Academy Library

Please use search bar below to get started

CLASSIC YOGA (Record no. 5470)

MARC details
000 -LEADER
fixed length control field 00363nam a22001457a 4500
020 ## - INTERNATIONAL STANDARD BOOK NUMBER
ISBN 978-0-7537-1984-8
082 ## - DEWEY DECIMAL CLASSIFICATION NUMBER
Classification number 001
Item number LAL/C
100 ## - MAIN ENTRY--AUTHOR NAME
Personal name LALVANI, VIMLA
245 ## - TITLE STATEMENT
Title CLASSIC YOGA
260 ## - PUBLICATION, DISTRIBUTION, ETC. (IMPRINT)
Place of publication LONDON
Name of publisher BOUNY BOOKS
Year of publication 2011
300 ## - PHYSICAL DESCRIPTION
Number of Pages 127
520 ## - SUMMARY, ETC.
Summary, etc A NEW APPROACH TO FITNESS AND RELAXATION
650 ## - SUBJECT ADDED ENTRY--TOPICAL TERM
Topical Term HEALTH AND FITNESS
Geographic subdivision UNITED KINGDOM
942 ## - ADDED ENTRY ELEMENTS (KOHA)
Koha item type Books
Holdings
Withdrawn status Lost status Collection code Home library Current library Shelving location Date acquired Source of acquisition Cost, normal purchase price Full call number Accession Number Koha item type
    Reference Main Library Main Library   11/05/2016 purchase 375.00 001 LAL/C 04273 Books